Guerra e imperialismo en la Roma Repúblicana 327-70 a.C

Na minha lista:
Detalhes bibliográficos
Autor principal: Harris, William Vernon (autor)
Formato: Livro
Idioma:espanhol
Publicado em: Ciudad de México Siglo Veintiuno 1989
Assuntos:
Tags: Adicionar Tag
Sem tags, seja o primeiro a adicionar uma tag!

MARC

LEADER 00000nam a2200000 a 4500
001 UCX4586
003 CL-VaPUC
008 920617e19890000MX |||||||||||||||||spa|d
082 0 4 |a 937.02  |b HAR  |2 21 
100 |a Harris, William Vernon  |e autor  |9 592290 
245 1 0 |a Guerra e imperialismo en la Roma Repúblicana 327-70 a.C 
300 |a 297 p 
942 |c BK 
945 |d 19920617 00:00:00 
260 |a Ciudad de México  |b Siglo Veintiuno  |c 1989 
650 0 |a Historia  |9 255047 
651 0 |a Roma   |9 255106 
583 |a last modification  |c 19920617 00:00:00  |k Rodrigo Vera 
999 |c 225015  |d 225013 
952 |0 0  |1 0  |4 0  |6 937_020000000000000_HAR_1989  |7 0  |8 A  |9 222165  |a BIBHIS  |b BIBHIS  |d 2019-11-15  |i 2910071  |l 1  |m 4  |o 937.02 HAR 1989  |p 2910071  |r 2025-03-17  |s 2024-07-23  |w 2019-11-15  |y BK  |k HIS